<?xml version="1.0" encoding="UTF-8"?>
<record
    xmlns:xsi="http://www.w3.org/2001/XMLSchema-instance"
    xsi:schemaLocation="http://www.loc.gov/MARC21/slim http://www.loc.gov/standards/marcxml/schema/MARC21slim.xsd"
    xmlns="http://www.loc.gov/MARC21/slim">

  <leader>00392    a2200109   4500</leader>
  <controlfield tag="001">ART_14899</controlfield>
  <controlfield tag="005">20260410161614.0</controlfield>
  <controlfield tag="008">260409a                                 </controlfield>
  <datafield tag="245" ind1="1" ind2="0">
    <subfield code="a">Cinco formas de equivocarse en un cambio de empleo</subfield>
  </datafield>
  <datafield tag="100" ind1="1" ind2=" ">
    <subfield code="a">Groysberg, Boris</subfield>
  </datafield>
  <datafield tag="773" ind1="0" ind2=" ">
    <subfield code="t">Harvard Business Review</subfield>
    <subfield code="g">Reinvente : su empresa, su estrategia, su carrera - Vol. 88, N&#xBA; 1 (ene./feb. 2010)</subfield>
    <subfield code="w">REV340</subfield>
  </datafield>
  <datafield tag="999" ind1=" " ind2=" ">
    <subfield code="c">10950</subfield>
    <subfield code="d">10950</subfield>
  </datafield>
</record>
